01001cam a2200313 a 450000100060000000300100000600500170001600700030003300800410003602000180007702000150009504000260011008200200013608400160015610000290017224500480020125000120024930000200026133600270028133700330030833800280034149000420036950000420041165000450045394200120049899000290051099900170053995201310055659148CO-BoRNBP20250912165448.0ta140329s2013 ck gr 000 fdspa  a9789584236470 a9584236474 aCO-BoBNbspacCO-BoBN04aCo863.7 Q86223 aCo863.7 Q861 aQuiroz, Fernando,d1964-10aAlguna vez estuve muerto /cFernando Quiroz a1a. ed. a225 p. ;c23 cm 2rdacontentatextobtxt 2rdamediaasin mediaciónbn 2rdacarrieravolumenbnc0 aAutores españoles e iberoamericanos aIncluye datos biográficos del autor14aNovela colombianaySiglo XXI2LEMB91602 2ddccBK a2014-3759bGrupo Planeta c59148d59148 00102ddc40708GENaMECLANUEbMECLANUEcGENd2025-09-12l0oCo863.7 Q86pCLN00297r2025-09-12 16:57:06tEj.2w2025-09-12yBK